000 01090nam a22002531i 4500
001 000030710
003 RuMoIPM
005 20260602113334.0
008 041129s1981----ru | c rus
040 _aRuMoIPM
_brus
_ercr
041 0 _arus
044 _aru
080 _a511
100 1 _aВенков, Борис Алексеевич
245 1 _aИсследования по теории чисел
_bИзбранные труды
_cБ. А. Венков ; [Отв. ред. А. В. Малышев, Б. Ф. Скубенко]
260 _aЛенинград
_bНаука
_c1981
300 _a448 с., [2] л. портр.
_bил.
500 _aЗагл. пер. и корешка: Избранные труды
500 _aВ надзаг.: АН СССР, Мат. ин-т им. В.А. Стеклова
504 _aПеч. работы Б.А. Венкова: с. 446-447
504 _aБиблиогр. в конце работ
505 0 _aВ прил.: Борис Алексеевич Венков (1900-1962) / Б.Б. Венков, А.В. Малышев
942 _cBK
999 _c30710
_d30710